Champions League Bälle erkennen und dem Jahr zuordnen - Statistiken

Allgemein
  • Dieses Quiz wurde 34 mal gespielt
  • Das Durchschnittsergebnis liegt bei 145 aus 625
Antwortstatistiken
Frage Kachel Select % Korrekt
2000/01 Nein
83%
2000/01 Nein
83%
2000/01 Nein
83%
2000/01 Nein
83%
2000/01 Nein
83%
2000/01 Nein
83%
2000/01 Nein
83%
2000/01 Nein
83%
2000/01 Nein
83%
2000/01 Nein
83%
2000/01 Nein
79%
2000/01 Nein
79%
2000/01 Nein
79%
2000/01 Nein
79%
2000/01 Nein
76%
2000/01 Nein
76%
2000/01 Nein
76%
2000/01 Nein
76%
2000/01 Nein
76%
2000/01 Nein
76%
2000/01 Nein
76%
2000/01 Nein
76%
2000/01 Nein
72%
2000/01 Nein
59%
2001/02 Nein
45%
2001/02 Nein
45%
2001/02 Nein
45%
2001/02 Nein
45%
2001/02 Nein
45%
2001/02 Nein
45%
2001/02 Nein
45%
2001/02 Nein
45%
2001/02 Nein
45%
2001/02 Nein
45%
2001/02 Nein
45%
2001/02 Nein
45%
2001/02 Nein
45%
2001/02 Nein
45%
2001/02 Nein
45%
2001/02 Nein
45%
2001/02 Nein
45%
2001/02 Nein
41%
2001/02 Nein
41%
2001/02 Nein
41%
2001/02 Nein
41%
2001/02 Nein
38%
2001/02 Nein
38%
2024/25 Nein
38%
2024/25 Nein
38%
2024/25 Nein
38%
2024/25 Nein
38%
2024/25 Nein
38%
2024/25 Nein
38%
2024/25 Nein
38%
2024/25 Nein
38%
2024/25 Nein
38%
2024/25 Nein
38%
2024/25 Nein
38%
2024/25 Nein
38%
2024/25 Nein
38%
2024/25 Nein
38%
2024/25 Nein
38%
2024/25 Nein
38%
2024/25 Nein
38%
2024/25 Nein
38%
2001/02 Nein
34%
2023/24 Nein
34%
2023/24 Nein
34%
2023/24 Nein
34%
2023/24 Nein
34%
2023/24 Nein
34%
2023/24 Nein
34%
2023/24 Nein
34%
2023/24 Nein
34%
2023/24 Nein
34%
2023/24 Nein
34%
2023/24 Nein
34%
2023/24 Nein
34%
2023/24 Nein
34%
2023/24 Nein
34%
2023/24 Nein
34%
2023/24 Nein
34%
2023/24 Nein
34%
2023/24 Nein
34%
2024/25 Nein
34%
2024/25 Nein
34%
2024/25 Nein
34%
2002/03 Nein
31%
2002/03 Nein
31%
2002/03 Nein
31%
2002/03 Nein
31%
2002/03 Nein
31%
2002/03 Nein
31%
2002/03 Nein
31%
2002/03 Nein
31%
2002/03 Nein
31%
2002/03 Nein
31%
2002/03 Nein
31%
2002/03 Nein
31%
2002/03 Nein
31%
2002/03 Nein
31%
2002/03 Nein
31%
2002/03 Nein
31%
2023/24 Nein
31%
2023/24 Nein
31%
2023/24 Nein
31%
2023/24 Nein
31%
2023/24 Nein
31%
2024/25 Nein
31%
2024/25 Nein
31%
2024/25 Nein
31%
2002/03 Nein
28%
2002/03 Nein
28%
2002/03 Nein
28%
2002/03 Nein
28%
2002/03 Nein
28%
2002/03 Nein
28%
2002/03 Nein
28%
2021/22 Nein
28%
2021/22 Nein
28%
2021/22 Nein
28%
2021/22 Nein
28%
2021/22 Nein
28%
2021/22 Nein
28%
2021/22 Nein
28%
2021/22 Nein
28%
2021/22 Nein
28%
2021/22 Nein
28%
2021/22 Nein
28%
2021/22 Nein
28%
2021/22 Nein
28%
2021/22 Nein
28%
2021/22 Nein
28%
2021/22 Nein
28%
2021/22 Nein
28%
2021/22 Nein
28%
2021/22 Nein
28%
2023/24 Nein
28%
2002/03 Nein
24%
2005/06 Nein
24%
2005/06 Nein
24%
2005/06 Nein
24%
2005/06 Nein
24%
2005/06 Nein
24%
2005/06 Nein
24%
2005/06 Nein
24%
2005/06 Nein
24%
2005/06 Nein
24%
2005/06 Nein
24%
2005/06 Nein
24%
2005/06 Nein
24%
2005/06 Nein
24%
2005/06 Nein
24%
2005/06 Nein
24%
2005/06 Nein
24%
2005/06 Nein
24%
2005/06 Nein
24%
2005/06 Nein
24%
2021/22 Nein
24%
2021/22 Nein
24%
2021/22 Nein
24%
2022/23 Nein
24%
2022/23 Nein
24%
2022/23 Nein
24%
2022/23 Nein
24%
2022/23 Nein
24%
2022/23 Nein
24%
2022/23 Nein
24%
2022/23 Nein
24%
2022/23 Nein
24%
2022/23 Nein
24%
2022/23 Nein
24%
2022/23 Nein
24%
2022/23 Nein
24%
2022/23 Nein
24%
2022/23 Nein
24%
2022/23 Nein
24%
2022/23 Nein
24%
2022/23 Nein
24%
2022/23 Nein
24%
2003/04 Nein
21%
2003/04 Nein
21%
2003/04 Nein
21%
2003/04 Nein
21%
2003/04 Nein
21%
2003/04 Nein
21%
2003/04 Nein
21%
2003/04 Nein
21%
2003/04 Nein
21%
2003/04 Nein
21%
2003/04 Nein
21%
2003/04 Nein
21%
2003/04 Nein
21%
2003/04 Nein
21%
2003/04 Nein
21%
2003/04 Nein
21%
2003/04 Nein
21%
2003/04 Nein
21%
2003/04 Nein
21%
2003/04 Nein
21%
2004/05 Nein
21%
2004/05 Nein
21%
2004/05 Nein
21%
2004/05 Nein
21%
2004/05 Nein
21%
2004/05 Nein
21%
2004/05 Nein
21%
2004/05 Nein
21%
2004/05 Nein
21%
2004/05 Nein
21%
2004/05 Nein
21%
2004/05 Nein
21%
2004/05 Nein
21%
2004/05 Nein
21%
2004/05 Nein
21%
2004/05 Nein
21%
2004/05 Nein
21%
2004/05 Nein
21%
2004/05 Nein
21%
2004/05 Nein
21%
2004/05 Nein
21%
2005/06 Nein
21%
2005/06 Nein
21%
2005/06 Nein
21%
2005/06 Nein
21%
2005/06 Nein
21%
2006/07 Nein
21%
2006/07 Nein
21%
2006/07 Nein
21%
2006/07 Nein
21%
2006/07 Nein
21%
2006/07 Nein
21%
2006/07 Nein
21%
2006/07 Nein
21%
2006/07 Nein
21%
2006/07 Nein
21%
2006/07 Nein
21%
2006/07 Nein
21%
2006/07 Nein
21%
2006/07 Nein
21%
2006/07 Nein
21%
2006/07 Nein
21%
2006/07 Nein
21%
2006/07 Nein
21%
2006/07 Nein
21%
2008/09 Nein
21%
2008/09 Nein
21%
2008/09 Nein
21%
2008/09 Nein
21%
2008/09 Nein
21%
2008/09 Nein
21%
2008/09 Nein
21%
2008/09 Nein
21%
2008/09 Nein
21%
2008/09 Nein
21%
2008/09 Nein
21%
2008/09 Nein
21%
2008/09 Nein
21%
2008/09 Nein
21%
2008/09 Nein
21%
2008/09 Nein
21%
2008/09 Nein
21%
2008/09 Nein
21%
2008/09 Nein
21%
2009/10 Nein
21%
2009/10 Nein
21%
2009/10 Nein
21%
2009/10 Nein
21%
2009/10 Nein
21%
2009/10 Nein
21%
2009/10 Nein
21%
2009/10 Nein
21%
2009/10 Nein
21%
2009/10 Nein
21%
2009/10 Nein
21%
2009/10 Nein
21%
2009/10 Nein
21%
2009/10 Nein
21%
2009/10 Nein
21%
2009/10 Nein
21%
2009/10 Nein
21%
2009/10 Nein
21%
2011/12 Nein
21%
2011/12 Nein
21%
2011/12 Nein
21%
2011/12 Nein
21%
2011/12 Nein
21%
2011/12 Nein
21%
2011/12 Nein
21%
2011/12 Nein
21%
2011/12 Nein
21%
2011/12 Nein
21%
2011/12 Nein
21%
2011/12 Nein
21%
2011/12 Nein
21%
2011/12 Nein
21%
2011/12 Nein
21%
2011/12 Nein
21%
2011/12 Nein
21%
2011/12 Nein
21%
2011/12 Nein
21%
2014/15 Nein
21%
2014/15 Nein
21%
2014/15 Nein
21%
2014/15 Nein
21%
2014/15 Nein
21%
2014/15 Nein
21%
2014/15 Nein
21%
2014/15 Nein
21%
2014/15 Nein
21%
2014/15 Nein
21%
2014/15 Nein
21%
2014/15 Nein
21%
2014/15 Nein
21%
2014/15 Nein
21%
2014/15 Nein
21%
2014/15 Nein
21%
2014/15 Nein
21%
2014/15 Nein
21%
2014/15 Nein
21%
2014/15 Nein
21%
2021/22 Nein
21%
2021/22 Nein
21%
2022/23 Nein
21%
2022/23 Nein
21%
2022/23 Nein
21%
2000/01 Ja
17%
2003/04 Nein
17%
2003/04 Nein
17%
2004/05 Nein
17%
2004/05 Nein
17%
2006/07 Nein
17%
2006/07 Nein
17%
2006/07 Nein
17%
2006/07 Nein
17%
2007/08 Nein
17%
2007/08 Nein
17%
2007/08 Nein
17%
2007/08 Nein
17%
2007/08 Nein
17%
2007/08 Nein
17%
2007/08 Nein
17%
2007/08 Nein
17%
2007/08 Nein
17%
2007/08 Nein
17%
2007/08 Nein
17%
2007/08 Nein
17%
2007/08 Nein
17%
2007/08 Nein
17%
2007/08 Nein
17%
2007/08 Nein
17%
2007/08 Nein
17%
2007/08 Nein
17%
2007/08 Nein
17%
2007/08 Nein
17%
2008/09 Nein
17%
2008/09 Nein
17%
2008/09 Nein
17%
2008/09 Nein
17%
2009/10 Nein
17%
2009/10 Nein
17%
2009/10 Nein
17%
2009/10 Nein
17%
2009/10 Nein
17%
2009/10 Nein
17%
2010/11 Nein
17%
2010/11 Nein
17%
2010/11 Nein
17%
2010/11 Nein
17%
2010/11 Nein
17%
2010/11 Nein
17%
2010/11 Nein
17%
2010/11 Nein
17%
2010/11 Nein
17%
2010/11 Nein
17%
2010/11 Nein
17%
2010/11 Nein
17%
2010/11 Nein
17%
2010/11 Nein
17%
2010/11 Nein
17%
2010/11 Nein
17%
2010/11 Nein
17%
2010/11 Nein
17%
2010/11 Nein
17%
2011/12 Nein
17%
2011/12 Nein
17%
2011/12 Nein
17%
2011/12 Nein
17%
2011/12 Nein
17%
2012/13 Nein
17%
2012/13 Nein
17%
2012/13 Nein
17%
2012/13 Nein
17%
2012/13 Nein
17%
2012/13 Nein
17%
2012/13 Nein
17%
2012/13 Nein
17%
2012/13 Nein
17%
2012/13 Nein
17%
2012/13 Nein
17%
2012/13 Nein
17%
2012/13 Nein
17%
2012/13 Nein
17%
2012/13 Nein
17%
2012/13 Nein
17%
2012/13 Nein
17%
2012/13 Nein
17%
2013/14 Nein
17%
2013/14 Nein
17%
2013/14 Nein
17%
2013/14 Nein
17%
2013/14 Nein
17%
2013/14 Nein
17%
2013/14 Nein
17%
2013/14 Nein
17%
2013/14 Nein
17%
2013/14 Nein
17%
2013/14 Nein
17%
2013/14 Nein
17%
2013/14 Nein
17%
2013/14 Nein
17%
2013/14 Nein
17%
2013/14 Nein
17%
2013/14 Nein
17%
2013/14 Nein
17%
2013/14 Nein
17%
2013/14 Nein
17%
2014/15 Nein
17%
2014/15 Nein
17%
2014/15 Nein
17%
2015/16 Nein
17%
2015/16 Nein
17%
2015/16 Nein
17%
2015/16 Nein
17%
2015/16 Nein
17%
2015/16 Nein
17%
2015/16 Nein
17%
2015/16 Nein
17%
2015/16 Nein
17%
2015/16 Nein
17%
2015/16 Nein
17%
2015/16 Nein
17%
2015/16 Nein
17%
2015/16 Nein
17%
2015/16 Nein
17%
2015/16 Nein
17%
2015/16 Nein
17%
2015/16 Nein
17%
2015/16 Nein
17%
2015/16 Nein
17%
2016/17 Nein
17%
2016/17 Nein
17%
2016/17 Nein
17%
2016/17 Nein
17%
2016/17 Nein
17%
2016/17 Nein
17%
2016/17 Nein
17%
2016/17 Nein
17%
2016/17 Nein
17%
2016/17 Nein
17%
2016/17 Nein
17%
2016/17 Nein
17%
2016/17 Nein
17%
2016/17 Nein
17%
2016/17 Nein
17%
2016/17 Nein
17%
2016/17 Nein
17%
2016/17 Nein
17%
2016/17 Nein
17%
2017/18 Nein
17%
2017/18 Nein
17%
2017/18 Nein
17%
2017/18 Nein
17%
2017/18 Nein
17%
2017/18 Nein
17%
2017/18 Nein
17%
2017/18 Nein
17%
2017/18 Nein
17%
2017/18 Nein
17%
2017/18 Nein
17%
2017/18 Nein
17%
2017/18 Nein
17%
2017/18 Nein
17%
2017/18 Nein
17%
2017/18 Nein
17%
2017/18 Nein
17%
2017/18 Nein
17%
2017/18 Nein
17%
2017/18 Nein
17%
2018/19 Nein
17%
2018/19 Nein
17%
2018/19 Nein
17%
2018/19 Nein
17%
2018/19 Nein
17%
2018/19 Nein
17%
2018/19 Nein
17%
2018/19 Nein
17%
2018/19 Nein
17%
2018/19 Nein
17%
2018/19 Nein
17%
2018/19 Nein
17%
2018/19 Nein
17%
2018/19 Nein
17%
2018/19 Nein
17%
2018/19 Nein
17%
2018/19 Nein
17%
2018/19 Nein
17%
2018/19 Nein
17%
2018/19 Nein
17%
2019/20 Nein
17%
2019/20 Nein
17%
2019/20 Nein
17%
2019/20 Nein
17%
2019/20 Nein
17%
2019/20 Nein
17%
2019/20 Nein
17%
2019/20 Nein
17%
2019/20 Nein
17%
2019/20 Nein
17%
2019/20 Nein
17%
2019/20 Nein
17%
2019/20 Nein
17%
2019/20 Nein
17%
2019/20 Nein
17%
2019/20 Nein
17%
2019/20 Nein
17%
2019/20 Nein
17%
2019/20 Nein
17%
2019/20 Nein
17%
2019/20 Nein
17%
2020/21 Nein
17%
2020/21 Nein
17%
2020/21 Nein
17%
2020/21 Nein
17%
2020/21 Nein
17%
2020/21 Nein
17%
2020/21 Nein
17%
2020/21 Nein
17%
2020/21 Nein
17%
2020/21 Nein
17%
2020/21 Nein
17%
2020/21 Nein
17%
2020/21 Nein
17%
2020/21 Nein
17%
2020/21 Nein
17%
2020/21 Nein
17%
2020/21 Nein
17%
2020/21 Nein
17%
2020/21 Nein
17%
2020/21 Nein
17%
2020/21 Nein
17%
2022/23 Nein
17%
2022/23 Nein
17%
2003/04 Nein
14%
2003/04 Nein
14%
2004/05 Nein
14%
2006/07 Nein
14%
2007/08 Nein
14%
2007/08 Nein
14%
2007/08 Nein
14%
2007/08 Nein
14%
2008/09 Nein
14%
2010/11 Nein
14%
2010/11 Nein
14%
2010/11 Nein
14%
2010/11 Nein
14%
2010/11 Nein
14%
2012/13 Nein
14%
2012/13 Nein
14%
2012/13 Nein
14%
2012/13 Nein
14%
2012/13 Nein
14%
2012/13 Nein
14%
2013/14 Nein
14%
2013/14 Nein
14%
2013/14 Nein
14%
2014/15 Nein
14%
2015/16 Nein
14%
2015/16 Nein
14%
2015/16 Nein
14%
2016/17 Nein
14%
2016/17 Nein
14%
2016/17 Nein
14%
2016/17 Nein
14%
2016/17 Nein
14%
2017/18 Nein
14%
2017/18 Nein
14%
2017/18 Nein
14%
2017/18 Nein
14%
2018/19 Nein
14%
2018/19 Nein
14%
2018/19 Nein
14%
2018/19 Nein
14%
2019/20 Nein
14%
2019/20 Nein
14%
2019/20 Nein
14%
2020/21 Nein
14%
2020/21 Nein
14%
2020/21 Nein
14%
2013/14 Nein
10%
2015/16 Nein
10%
2023/24 Ja
10%
2001/02 Ja
7%
2004/05 Ja
7%
2005/06 Ja
7%
2019/20 Ja
7%
2020/21 Ja
7%
2024/25 Ja
7%
2007/08 Ja
3%
2011/12 Ja
3%
2014/15 Ja
3%
2016/17 Ja
3%
2017/18 Ja
3%
2018/19 Ja
3%
2021/22 Ja
3%
2002/03 Ja
0%
2003/04 Ja
0%
2006/07 Ja
0%
2008/09 Ja
0%
2009/10 Ja
0%
2010/11 Ja
0%
2012/13 Ja
0%
2013/14 Ja
0%
2015/16 Ja
0%
2022/23 Ja
0%
Keine übereinstimmenden Quizze gefunden
Verteilung der Resultate
Anzahl Personen mit jedem Resultat
Perzentil nach korrekt beantworteten Fragen
Ihre Resultats-Entwicklung
Sie haben dieses Quiz noch nicht gespielt